000 01007nam a2200217Ia 4500
999 _c41499
_d41499
001 8166
003 GE_BSU
005 20240328152700.0
008 181216s3013||||ge |||||||||||||| ||geo||
020 _a9789941221514
040 _cGE_BSU
041 _ageo
080 _a811.353.1 მ–43
100 _aმაჭავარიანი, დავით
_915023
245 _aენათმეცნიერული ნარკვევები /
_cდავით მაჭავარიანი ; კრებული შეადგ. და გამოსაც. მოამზადა ნანა ხოჭოლავა–მაჭავარიანმა.
264 _aთბილისი :
_bუნივერსალი,
_c2013.
300 _a359 გვ. ;
_c21 სმ.
653 _aენათმეცნიერული ნარკვევები
700 _aხოჭოლავა–მაჭავარიანი, ნანა
_921619
942 _cBK
_2udc